00601cam a22002171 4500001001300000003000400013005001700017008004100034010001700075035001900092040001900111042001200130050001800142100002500160245003600185260006300221300003000284504003100314610002100345999001700366sa 64001212 DLC20260227112001.0761116s1963 pk a b 001 0 eng  asa 64001212  a(OCoLC)2561986 aDLCcTxCMdDLC apremarc00aUA853.P3bK461 aKhan, Fazal Muqueem.14aThe story of the Pakistan Army. aKarachi,bPakistan Branch, Oxford University Press,c1963. ax, 250 p.billus.c23 cm. aBibliography: p.[243]-245.10aPakistan.bArmy. c56640d56640